[Event "Dushanbe zt 3.4"]
[Site "Dushanbe"]
[Date "2015.06.12"]
[Round "9"]
[White "Oimahmadov, Sulaimon"]
[Black "Karamshoev, Shafik"]
[Result "1-0"]
[WhiteElo "1921"]
[BlackElo "2062"]
[PlyCount "127"]
[EventDate "2015.06.04"]
[EventType "swiss"]
[EventRounds "9"]
[EventCountry "TJK"]
[SourceTitle "CBM 167 Extra"]
[Source "ChessBase"]
[SourceDate "2015.09.14"]
[SourceVersion "1"]
[SourceVersionDate "2015.09.14"]
[SourceQuality "1"]

1. Nf3 Nf6 2. d4 g6 3. c4 Bg7 4. Nc3 0-0 5. Bf4 d6 6. h3 Nbd7 7. Qd2 c5 8. d5 a6 9. a4 b6 10. e4 Re8 11. Be2 Nf8 12. 0-0 N6d7 13. Rfe1 f6 14. Bh6 g5 15. Bxg7 Kxg7 16. Nh2 Ng6 17. Bh5 Nde5 18. b3 Rh8 19. Ne2 Rg8 20. Rf1 Kh8 21. Kh1 Qf8 22. f4 gxf4 23. Nxf4 Nxf4 24. Qxf4 Qg7 25. Ra2 Bd7 26. Nf3 Raf8 27. Nh4 Qg3 28. Qxg3 Rxg3 29. Nf3 Nxf3 30. Bxf3 a5 31. Kh2 Rfg8 32. Rd2 R3g5 33. Rdf2 h5 34. Bd1 Kh7 35. h4 Re5 36. Rf4 Kh6 37. Rg1 Bg4 38. Bf3 Rg7 39. Kg3 Bd7+ 40. Kf2 Bg4 41. Re1 Bd7 42. Re3 Bc8 43. Bd1 Bd7 44. Rg3 Rxg3 45. Kxg3 Bc8 46. Kf2 f5 47. Bc2 fxe4 48. Bxe4 Bg4 49. Ke3 Bd1 50. Rf7 Rxe4+ 51. Kxe4 Bxb3 52. Kd3 Bxa4 53. Rxe7 Kg6 54. Re6+ Kf5 55. Rxd6 b5 56. Ra6 Bb3 57. cxb5 Bxd5 58. g3 Kg4 59. Rg6+ Kf3 60. Rg5 Be4+ 61. Kc3 a4 62. Rxc5 Kxg3 63. Rxh5 Kg4 64. Rh8 1-0

[Event "Dushanbe zt 3.4"]
[Site "Dushanbe"]
[Date "2015.06.07"]
[Round "4"]
[White "Onischenko , Andrey"]
[Black "Oimahmadov, Sulaimon"]
[Result "1/2-1/2"]
[WhiteElo "2119"]
[BlackElo "1921"]
[PlyCount "101"]
[EventDate "2015.06.04"]
[EventType "swiss"]
[EventRounds "9"]
[EventCountry "TJK"]
[SourceTitle "CBM 167 Extra"]
[Source "ChessBase"]
[SourceDate "2015.09.14"]
[SourceVersion "1"]
[SourceVersionDate "2015.09.14"]
[SourceQuality "1"]

1. e4 c5 2. Nf3 e6 3. d4 cxd4 4. Nxd4 Nf6 5. Nc3 Nc6 6. Ndb5 d6 7. Bf4 e5 8. Bg5 a6 9. Na3 Be7 10. Nc4 Be6 11. Bxf6 gxf6 12. Ne3 Qa5 13. Be2 Nd4 14. 0-0 f5 15. exf5 Nxf5 16. Nxf5 Bxf5 17. Bf3 0-0 18. Qc1 Rab8 19. Nd5 Qd8 20. Nxe7+ Qxe7 21. Qd2 b5 22. c3 Rfd8 23. Bd5 Kh8 24. a4 Rg8 25. axb5 axb5 26. Rfe1 Be6 27. Ra6 Rg6 28. g3 Bc8 29. Ra5 Be6 30. Rea1 b4 31. cxb4 Rg4 32. Ra8 Rxa8 33. Rxa8+ Kg7 34. Bxe6 Qxe6 35. b5 Rd4 36. Qg5+ Qg6 37. Qxg6+ hxg6 38. Rd8 Rb4 39. Rxd6 Rxb5 40. Rd2 g5 41. h3 Kg6 42. Kf1 Kf5 43. Ke2 Rb3 44. Kd1 Ke4 45. Kc2 Rb8 46. Rd3 Rxb2+ 47. Kxb2 Kxd3 48. h4 gxh4 49. gxh4 Ke4 50. Kc3 Kf4 51. Kc4 1/2-1/2

[Event "Dushanbe zt 3.4"]
[Site "Dushanbe"]
[Date "2015.06.05"]
[Round "2"]
[White "Jumaev, Olucha"]
[Black "Oimahmadov, Sulaimon"]
[Result "1-0"]
[WhiteElo "2120"]
[BlackElo "1921"]
[PlyCount "133"]
[EventDate "2015.06.04"]
[EventType "swiss"]
[EventRounds "9"]
[EventCountry "TJK"]
[SourceTitle "CBM 167 Extra"]
[Source "ChessBase"]
[SourceDate "2015.09.14"]
[SourceVersion "1"]
[SourceVersionDate "2015.09.14"]
[SourceQuality "1"]

1. Nf3 Nf6 2. c4 g6 3. d4 Bg7 4. Bf4 c5 5. d5 d6 6. Nc3 Bf5 7. Nd2 Nh5 8. Bg5 Bd7 9. e3 Na6 10. Be2 Nf6 11. 0-0 0-0 12. e4 Nc7 13. f4 Rb8 14. a4 Na6 15. Nb5 Ne8 16. Rb1 f5 17. g4 Nb4 18. Nc3 fxg4 19. Bxg4 h6 20. Bh4 Nd3 21. Bg3 Nxb2 22. Rxb2 Bxc3 23. Ra2 Nf6 24. Bxd7 Qxd7 25. e5 Nh5 26. Nf3 Nxg3 27. hxg3 dxe5 28. Qd3 e4 29. Qxe4 Qg4 30. Rg2 Rf7 31. Qe3 Bg7 32. Qxc5 Rc8 33. Qb5 b6 34. a5 e6 35. axb6 axb6 36. Qxb6 exd5 37. cxd5 Bf8 38. Ne5 Qf5 39. Nxf7 Kxf7 40. Qe6+ Qxe6 41. dxe6+ Kxe6 42. Re2+ Kf5 43. Kg2 Bg7 44. Rf3 Rc1 45. Rb3 Kg4 46. Rb6 Kf5 47. Rd6 g5 48. fxg5 hxg5 49. Rd7 Bf6 50. Rf2+ Ke6 51. Rb7 Bd4 52. Rf1 Rc3 53. Rb5 Be3 54. Ra1 Bc5 55. Ra6+ Kd5 56. Kh3 Kc4 57. Rb7 Kd3 58. Rc6 Rc4 59. Rg7 g4+ 60. Rxg4 Rc1 61. Rh4 Ke3 62. Rh5 Kd4 63. Kg4 Rc4 64. Rf5 Rc3 65. Rcxc5 Rxc5 66. Rxc5 Kxc5 67. Kf5 1-0

[Event "Dushanbe zt 3.4"]
[Site "Dushanbe"]
[Date "2015.06.04"]
[Round "1"]
[White "Oimahmadov, Sulaimon"]
[Black "Isaev, Jamshed"]
[Result "0-1"]
[WhiteElo "1921"]
[BlackElo "2294"]
[PlyCount "66"]
[EventDate "2015.06.04"]
[EventType "swiss"]
[EventRounds "9"]
[EventCountry "TJK"]
[SourceTitle "CBM 167 Extra"]
[Source "ChessBase"]
[SourceDate "2015.09.14"]
[SourceVersion "1"]
[SourceVersionDate "2015.09.14"]
[SourceQuality "1"]

1. e4 c5 2. Nf3 Nc6 3. d4 cxd4 4. Nxd4 Nf6 5. Nc3 e5 6. Nf5 d5 7. Ng3 d4 8. Nce2 h5 9. h4 Qb6 10. a3 Be6 11. Ng1 Be7 12. Bd3 g6 13. b3 Ng4 14. Qe2 0-0 15. Nf1 f5 16. exf5 gxf5 17. f3 Nf6 18. Ng3 Nd5 19. f4 e4 20. Bc4 d3 21. Qxh5 Rf6 22. Nxf5 Rxf5 23. Qg6+ Kf8 24. Qxe6 Nd4 25. Qxe4 Re8 26. Kf1 Bf6 27. Qxd3 Nxf4 28. Bxf4 Rxf4+ 29. Nf3 Nxf3 30. gxf3 Re3 31. Qg6 Rexf3+ 32. Ke2 Rf2+ 33. Kd1 Qd4+ 0-1